000 00612nam a2200217Ia 4500
008 101110s9999 xx 000 0 und d
041 _aMARATHI
082 _bJR6172
100 _aMaharashtra Rajya Madyamik & Uchha Madyamik Shikshan Mandal,Pune
245 _aMarathi Yuvakbharati - XII
260 _c2007
_bMaharashtra Rajya Madhyamik & Uchha Madhyamik Shikshan Mandal,Pune
300 _a205
365 _b26
520 _aMarathi
546 _aMARATHI
630 _aMarathi Yuvakbharati - XII
650 _aMarathi
655 _aMarathi
730 _aMarathi Yuvakbharati - XII
942 _cBOOK
999 _c796965
_d796962